000 00653nam a22001817a 4500
999 _c59318
_d59318
005 20230117122633.0
008 230117s2014ge xxu||||| |||| 00| 0 ger d
020 _a9783126050227 X
041 _ager
080 _a811.112.1 L-97
100 _aLutke, Marion
_916714
245 _aAspekte neu Mittestufe Deutsch
_bIntensivtrainer, : B1 plus /
_cMarion Lutke
264 _aStuttgard :
_bErnst klett Sprachen,
_c2014.
300 _a96 p.:
_bill;
_c29 cm.
653 _aAspekte neu Aspekte neu Mittestufe Deutsch ntensivtrainer, : B1 plus
653 _aახალი ასპექტები გერმანული ენა
942 _2udc
_cBK